000 01330cam a22002771i 4500
003 SA-RiAUC
005 20241022124326.0
008 241022s1985 le g 00000bara c
040 _aSA-RiAUC
_bara
_cSA-RiAUC
_erda
082 0 4 _a239
_qSA-RiAUC
090 _a239
_bا ب ن ق
100 1 _aابن قيم الجوزية، محمد بن أبي بكر بن أيوب،
_d691-751 هجري
_eمؤلف.
245 1 0 _aزاد المعاد في هدي خير العباد /
_cابن قيم الجوزية ؛ حقق نصوصه وخرج أحاديثه وعلق عليه شعيب الأرنؤوط، عبد القادر الأرنؤوط.
250 _aالطبعة العاشرة
264 1 _aبيروت :
_bمؤسسة الرسالة :
_bمكتبة المنار الإسلامية،
_c1985
300 _aمجلدات ؛
_c24 سم
336 _aنص
_btxt
_2rdacontent
_3كتاب
337 _aبدون وسيط
_bn
_2rdamedia
338 _aمجلد
_bnc
_2rdacarrier
600 0 7 _aمحمد (صلى الله عليه وسلم)،
_d53 قبل الهجرة-11 هجري
_2aucnm
650 7 _aالسيرة النبوية
_2aucsh
700 1 _aالأرناؤوط، شعيب،
_d1928-2016
_eمحقق.
700 1 _aالأرناؤوط، عبد القادر،
_d1928-2004
_eمحقق.
942 _2ddc
_cBOOK
_n0
949 _aSA-JeALM
_d241022
_ueid123
_n1
999 _c1588
_d1588